000 00318nam a22001337a 4500
008 170731b xxu||||| |||| 00| 0 eng d
020 _a9780130910134
041 _aeng
080 _24TH
_a004
100 _a32
101 _aSHK
245 _aASSEMBLY LANGUAGE FOR INTEL-BASED COMPUTERS
_cIRVINE,K.R
942 _2udc
_cBK
999 _c22205
_d22205